000 00578nam a22001937a 4500
999 _c4799
_d4799
003 AR-CdUCM
008 190311b ||||| |||| 00| 0 spa d
040 _aMUNICIPALIDAD PROVINCIAL DEL CUSCO
_cBIBLIOTECA MUNICIPAL DEL CUSCO
082 _a869.56 /
_bAD25
100 _aAdolph, Jose
_914814
245 _aEl Retorno de Aladino /
260 _aLima :
_bMendiburu ;
_c1968.
300 _a48 páginas ;
_bFotografĂ­as
_c21cm
505 _aContenido: Cuentos
650 _aCuentos infantiles
_914480
650 _aCuentos peruanos
_911293
942 _2ddc
_cLIBROS
945 _anom